Zdieľaná doprava na Slovensku - porovnanie platforiem BOLT a UBER

Prostredníctvom tohto príspevku by sme chceli priblížiť problematiku zdieľanej dopravy na Slovensku porovnaním dvoch spoločností – Bolt a Uber. Porovnanie bude vychádzať z finančnej analýzy týchto spoločností a predpokladaného vývoja finančnej situácie v budúcnosti. Pre finančnú analýzu budeme praco...

Description complète

Enregistré dans:
Détails bibliographiques
Auteur principal: Čerňanová, Lucia, 1997-
Format: Chapitre de livre
Langue:slovaque
Sujets:
Tags: Ajouter un tag
Pas de tags, Soyez le premier à ajouter un tag!

MARC

LEADER 00000naa$a2200000$$$4500
001 0289854
005 20240502083932.3
041 0 |a slo 
044 |a CZ 
245 1 0 |a Zdieľaná doprava na Slovensku - porovnanie platforiem BOLT a UBER  |c Lucia Čerňanová 
520 |a Prostredníctvom tohto príspevku by sme chceli priblížiť problematiku zdieľanej dopravy na Slovensku porovnaním dvoch spoločností – Bolt a Uber. Porovnanie bude vychádzať z finančnej analýzy týchto spoločností a predpokladaného vývoja finančnej situácie v budúcnosti. Pre finančnú analýzu budeme pracovať so štyrmi skupinami ukazovateľov: ukazovatele dlhu, ukazovatele likvidity, ukazovatele rentability a ukazovatele aktivity. Na predpovedanie finančného vývoja použijeme dva ukazovatele: Altmanovo Z-skóre a Index 05. 
610 2 0 |a doprava 
610 2 0 |a doprava zdieľaná 
610 2 0 |a služby zdieľané 
610 2 0 |a automobily 
610 2 0 |a bicykle 
610 2 0 |a Slovensko 
100 1 |a Čerňanová, Lucia, 1997-